হোসেন শাহ গৌড় সুলতান / (Record no. 56333)
[ view plain ]
| 000 -LEADER | |
|---|---|
| fixed length control field | 00823nam a2200217 a 4500 |
| 001 - CONTROL NUMBER | |
| control field | 56333 |
| 003 - CONTROL NUMBER IDENTIFIER | |
| rucl marc code | BD-RjUL |
| 005 - DATE AND TIME OF LATEST TRANSACTION | |
| control field | 20211209080401.0 |
| 008 - FIXED-LENGTH DATA ELEMENTS--GENERAL INFORMATION | |
| fixed length control field | 161128s1967 bg ||||| |||| 00| 0 ben d |
| 035 ## - SYSTEM CONTROL NUMBER | |
| System control number | (BD-RjUL)56457 |
| 040 ## - CATALOGING SOURCE | |
| Original cataloging agency | BD-RjUL |
| Language of cataloging | ben |
| Transcribing agency | BD-RjUL |
| 041 ## - LANGUAGE CODE | |
| Language code of text/sound track or separate title | ben |
| 082 ## - DEWEY DECIMAL CLASSIFICATION NUMBER | |
| Edition number | 23 |
| Classification number | 891.442 |
| Author mark and year | SIH 1967 |
| 100 ## - MAIN ENTRY--PERSONAL NAME | |
| Personal name | সিকদার, সেকেন্দর আলী |
| 9 (RLIN) | 167617 |
| 245 10 - TITLE STATEMENT | |
| Title | হোসেন শাহ গৌড় সুলতান / |
| Statement of responsibility, etc. | সেকেন্দর আলী সিকদার |
| 260 ## - PUBLICATION, DISTRIBUTION, ETC. (IMPRINT) | |
| Place of publication, distribution, etc. | বরিশাল : |
| Name of publisher, distributor, etc. | সুলভ পুস্তিকা, |
| Date of publication, distribution, etc. | ১৯৬৭ [১৩৭৪] |
| 300 ## - PHYSICAL DESCRIPTION | |
| Pagination | ১৭১ পৃ. : |
| Illustrations | চিত্র ; |
| Size | ১৮ সেমি. |
| 650 ## - SUBJECT ADDED ENTRY--TOPICAL TERM | |
| Topical term or geographic name as entry element | বাংলা নাটক |
| 9 (RLIN) | 167618 |
| Topical term or geographic name as entry element | Bengali Drama |
| 9 (RLIN) | 167619 |
| 942 ## - ADDED ENTRY ELEMENTS (KOHA) | |
| Source of classification or shelving scheme | Dewey Decimal Classification |
| Koha item type | Books |
| Lost status | Source of classification or shelving scheme | Damaged status | Not for loan | Collection code | Permanent Location | Current Location | Shelving location | Date acquired | Source of acquisition | Cost, normal purchase price | Total Checkouts | Full call number | Date last seen | Copy number | Koha item type |
|---|---|---|---|---|---|---|---|---|---|---|---|---|---|---|---|
| Dewey Decimal Classification | Non-fiction | Central Library, University of Rajshahi | Central Library, University of Rajshahi | 16/05/1970 | Nawroge kitabstan, Dhaka | 2.00 | B 891.442 SIH 1967 | 28/11/2016 | C-2 | Books | |||||
| Dewey Decimal Classification | Non-fiction | Central Library, University of Rajshahi | Central Library, University of Rajshahi | 16/05/1970 | Nawroge kitabstan, Dhaka | 2.00 | B 891.442 SIH 1967 | 29/11/2016 | C-3 | Books |